| 000 | 00679nam a2200205 a 4500 | ||
|---|---|---|---|
| 003 | MX-MxUPN | ||
| 005 | 20260325064223.0 | ||
| 008 | 190528s2003 mx r 000 0 eng d | ||
| 035 | _aUPN01000230803 | ||
| 040 |
_aMX-MxUPN _bspa _cMX-MxUPN |
||
| 041 | 0 |
_aeng _aegy |
|
| 050 | 1 | 4 |
_aLA1645 _bE383 2003 |
| 245 | 0 | 0 |
_aEducational reform in Egypt, 1996-2003 : _bachievements and challenges in the new century : executive summary |
| 260 |
_aEgipto : _bUnited Nations Educational, Scientific and Cultural Organization, _c2003. |
||
| 300 | _a12 páginas | ||
| 650 | 4 |
_aReforma educativa _zEgipto _925549 |
|
| 902 | _bVíctor Ruiz/230924 | ||
| 942 |
_2lcc _cFOLL |
||
| 999 |
_c202898 _d202898 |
||